[Event "Saarland-ch Seniors 25th "]
[Site "Wadg/Hostenbach"]
[Date "2006.04.11"]
[Round "5"]
[White "Scheurer, Arthur"]
[Black "Passeier, Helmut"]
[Result "0-1"]
[WhiteElo "1529"]
[BlackElo "1888"]
[PlyCount "70"]
[EventDate "2006.04.07"]
[EventType "swiss"]
[EventRounds "9"]
[EventCountry "GER"]
[SourceTitle "EXT 2007"]
[Source "ChessBase"]
[SourceDate "2006.11.23"]
[SourceVersion "1"]
[SourceVersionDate "2006.11.23"]
[SourceQuality "1"]

1. e4 c5 2. Nf3 Nc6 3. d4 cxd4 4. Nxd4 Nf6 5. Nc3 d6 6. f3 g6 7. Be3 Bg7 8. Qd2 a6 9. 0-0-0 Bd7 10. Bc4 b5 11. Nxc6 Bxc6 12. Bb3 Qc7 13. h4 h5 14. Rdg1 a5 15. Nd5 Bxd5 16. Bxd5 Rc8 17. Kb1 e6 18. Rc1 exd5 19. exd5 0-0 20. g4 hxg4 21. Bd4 Qd8 22. Rcg1 gxf3 23. Qf2 Nh5 24. Rg5 Bxd4 25. Qxd4 Rc4 26. Qf2 Qf6 27. Rhg1 Kh7 28. c3 Re4 29. Rf1 Re2 30. Qb6 f2 31. Qxb5 Re1+ 32. Kc2 Rxf1 33. Qxf1 Re8 34. Qd3 f1Q 35. Rxh5+ Kg7 0-1

[Event "Saarland-ch Seniors 25th "]
[Site "Wadg/Hostenbach"]
[Date "2006.04.09"]
[Round "3"]
[White "Scheurer, Arthur"]
[Black "Pook, Rainer"]
[Result "1-0"]
[WhiteElo "1529"]
[BlackElo "1510"]
[PlyCount "34"]
[EventDate "2006.04.07"]
[EventType "swiss"]
[EventRounds "9"]
[EventCountry "GER"]
[SourceTitle "EXT 2007"]
[Source "ChessBase"]
[SourceDate "2006.11.23"]
[SourceVersion "1"]
[SourceVersionDate "2006.11.23"]
[SourceQuality "1"]

1. e4 c5 2. Nf3 d6 3. d4 Nf6 4. Nc3 cxd4 5. Nxd4 g6 6. f3 Bg7 7. Be3 Bd7 8. Qd2 Nc6 9. Bc4 Na5 10. Bd3 0-0 11. 0-0-0 Rc8 12. Nde2 Ne8 13. Bd4 Nc7 14. Bxg7 Kxg7 15. g4 Na6 16. h4 Nb4 17. Kb1 Qb6 1-0

[Event "GER Cup Amateur GrC 2nd"]
[Site "Voelklingen"]
[Date "2001.??.??"]
[Round "6"]
[White "Kemmer, Josef"]
[Black "Scheurer, Arthur"]
[Result "1-0"]
[WhiteElo "1585"]
[BlackElo "1569"]
[PlyCount "107"]
[EventDate "2001.??.??"]
[EventType "swiss"]
[EventRounds "9"]
[EventCountry "GER"]
[SourceTitle "EXT 2003"]
[Source "ChessBase"]
[SourceDate "2002.11.25"]
[SourceVersion "1"]
[SourceVersionDate "2002.11.25"]
[SourceQuality "1"]

1. c4 Nf6 2. Nc3 g6 3. g3 Bg7 4. Bg2 c6 5. e4 d6 6. Nge2 0-0 7. 0-0 e5 8. d3 Na6 9. h3 Nc7 10. f4 Qe7 11. Kh2 Nd7 12. f5 h6 13. g4 g5 14. Ng3 Nf6 15. Re1 Rd8 16. Qe2 Bd7 17. Bd2 Be8 18. Rf1 Rd7 19. Be1 Rad8 20. Rd1 d5 21. cxd5 cxd5 22. exd5 Ncxd5 23. Nxd5 Nxd5 24. Bxd5 Rxd5 25. f6 Bxf6 26. Nf5 Qc7 27. Nxh6+ Kg7 28. Bg3 Bc6 29. Nf5+ Kg8 30. Nh6+ Kg7 31. Nf5+ Kg8 32. Ne3 R5d6 33. Nc4 Re6 34. Rf5 Rde8 35. Rdf1 Qe7 36. Qe3 e4 37. d4 b5 38. Na5 Ba8 39. Rxf6 Rxf6 40. Qxg5+ Rg6 41. Qh5 Kg7 42. Be5+ f6 43. Rxf6 Qxf6 44. Bxf6+ Kxf6 45. Qxb5 Kf7 46. Nc4 Ke7 47. Ne3 Rc6 48. Kg3 Rb6 49. Qc5+ Kd7 50. b3 Bc6 51. h4 Re6 52. d5 Rd6 53. dxc6+ Rbxc6 54. Qf5+ 1-0

[Event "GER Cup Amateur GrC 2nd"]
[Site "Voelklingen"]
[Date "2001.??.??"]
[Round "9"]
[White "Straesser, Gerda"]
[Black "Scheurer, Arthur"]
[Result "0-1"]
[WhiteElo "1536"]
[BlackElo "1569"]
[PlyCount "96"]
[EventDate "2001.??.??"]
[EventType "swiss"]
[EventRounds "9"]
[EventCountry "GER"]
[SourceTitle "EXT 2003"]
[Source "ChessBase"]
[SourceDate "2002.11.25"]
[SourceVersion "1"]
[SourceVersionDate "2002.11.25"]
[SourceQuality "1"]

1. e4 c5 2. Nf3 Nc6 3. d4 cxd4 4. Nxd4 Nf6 5. Nc3 g6 6. Be3 Bg7 7. Be2 d6 8. 0-0 0-0 9. Rb1 Bd7 10. f3 Qa5 11. Qd2 Rfe8 12. Kh1 a6 13. a3 Qc7 14. Rfe1 Rac8 15. Rbc1 Ne5 16. Bf1 Nc4 17. Bxc4 Qxc4 18. Nde2 Qc7 19. Nd1 Bc6 20. c4 Rcd8 21. Nd4 e6 22. Qf2 Rd7 23. b4 Qd8 24. b5 Bxe4 25. fxe4 Nxe4 26. Qf3 Nc5 27. Bf2 e5 28. Qe3 Rde7 29. Nb3 Ne6 30. Nc3 Nf4 31. Nd5 Nxd5 32. cxd5 Rc7 33. Rxc7 Qxc7 34. Rc1 Qd7 35. bxa6 bxa6 36. Na5 f5 37. Nc6 f4 38. Qe4 Rf8 39. Rb1 Qf7 40. Rb8 Rxb8 41. Nxb8 Qb7 42. Nc6 Qb5 43. Qe1 Bf6 44. Qd1 h6 45. Qg4 Qf1+ 46. Bg1 Kh7 47. Qd7+ Bg7 48. Qxd6 f3 0-1